Katy Perry - Teenage Dream - Statistics

General Stats
  • This quiz has been taken 28 times
  • The average score is 7 of 20
Answer Stats
2010 Teenage Dream % Correct
1 Teenage Dream
89%
4 Firework
63%
3 California Gurls
58%
8 E.T.
58%
5 Peacock
47%
15 Part Of Me
42%
16 Wide Awake
42%
2 Last Friday Night (T.G.I.F.)
37%
10 Pearl
37%
7 The One That Got Away
37%
12 Not Like The Movies
32%
6 Circle The Drain
26%
17 Dressin' Up
26%
11 Hummingbird Heartbeat
26%
9 Who Am I Living For?
16%
18 E.T. (feat. Kanye West)
11%
13 If We Ever Meet Again (feat. Timbaland)
5%
14 Starstrukk (feat. 3OH!3)
5%
19 Last Friday Night (T.G.I.F.) (feat. Missy Elliott, Dr. Luke, Cirkut & Dream Machine)
0%
20 Tommie Sunshine's Megamix Smash-Up (feat. Tommie Sunshine)
0%
No matching quizzes found
Score Distribution
Percent of People with Each Score
Percentile by Number Answered
Your Score History
You have not taken this quiz